La educación física y la expresión corporal en el jardín infantil
-д хадгалсан:
| Үндсэн зохиолчид: | , |
|---|---|
| Формат: | Ном |
| Хэл сонгох: | испани |
| Хэвлэсэн: |
Santiago
Andrés Bello
1986
|
| Нөхцлүүд: | |
| Шошгууд: |
Шошго нэмэх
Шошго байхгүй, Энэхүү баримтыг шошголох эхний хүн болох!
|
MARC
| LEADER | 00000nam a2200000 a 4500 | ||
|---|---|---|---|
| 001 | UCW3939 | ||
| 003 | CL-VaPUC | ||
| 008 | 890612e19860000CL |||||||||||||||||spa|d | ||
| 082 | 0 | 4 | |a 372.86 |b GAL |2 21 |
| 100 | 0 | |a Gallardo Arismendi, Osvaldo |e author |9 308379 | |
| 700 | 0 | |a Pregnan de Gallardo, Carmen |e author |9 308380 | |
| 245 | 1 | 3 | |a La educación física y la expresión corporal en el jardín infantil |
| 300 | |a 85 p | ||
| 942 | |c BK | ||
| 945 | |d 19890612 00:00:00 | ||
| 260 | |a Santiago |b Andrés Bello |c 1986 | ||
| 650 | 0 | |a Educación física |9 240893 | |
| 650 | 0 | |a Niños |9 255605 | |
| 650 | 0 | |a Educación preescolar |9 260381 | |
| 583 | |a last modification |c 20170913 11:51:16 |k Rodrigo Vera | ||
| 999 | |c 217791 |d 217789 | ||
| 952 | |0 0 |1 0 |4 0 |6 372_860000000000000_GAL_1986 |7 0 |8 P |9 206244 |a BIBEDU |b BIBEDU |c BIBEDU_PB |d 2019-11-15 |i 2740354 |o 372.86 GAL 1986 |p 2740354 |r 2024-01-25 |w 2019-11-15 |y BK |k EDU | ||
| 952 | |0 0 |1 0 |4 0 |6 372_860000000000000_GAL_1986 |7 0 |8 P |9 206245 |a BIBEDU |b BIBEDU |c BIBEDU_PB |d 2019-11-15 |i 2740362 |o 372.86 GAL 1986 |p 2740362 |r 2024-01-25 |w 2019-11-15 |y BK |k EDU | ||